[Event "BCF-chT4S 1920 (4NCL)"]
[Site "England"]
[Date "2020.01.11"]
[Round "3.46"]
[White "Pigott, Darrell N"]
[Black "Nelder, Allan J"]
[Result "1-0"]
[WhiteElo "1877"]
[BlackElo "1653"]
[PlyCount "67"]
[EventDate "2019.11.09"]
[EventType "team-swiss"]
[EventRounds "11"]
[EventCountry "ENG"]
[SourceTitle "EXT 2022"]
[Source "ChessBase"]
[SourceDate "2021.10.06"]
[SourceVersion "1"]
[SourceVersionDate "2021.10.06"]
[SourceQuality "1"]
[WhiteTeam "Watford"]
[BlackTeam "War and Piece"]
[WhiteTeamCountry "ENG"]
[BlackTeamCountry "ENG"]

1. e4 d6 2. d4 Nf6 3. Nc3 g6 4. f3 Bg7 5. Be3 c6 6. Qd2 h5 7. 0-0-0 b5 8. Bd3 Qa5 9. Kb1 Be6 10. d5 Bd7 11. dxc6 Bxc6 12. Nxb5 Qd8 13. Nxa7 Qd7 14. Nxc6 Nxc6 15. Bb5 0-0 16. e5 Ne8 17. Qd5 Rc8 18. f4 Qb7 19. Nf3 e6 20. Bxc6 Rxc6 21. Qe4 d5 22. Qd3 Nd6 23. Nd2 Nf5 24. Nb3 Rfc8 25. Na5 Qc7 26. Nxc6 Qxc6 27. Bc1 f6 28. Rde1 Qc7 29. exf6 Bxf6 30. Rxe6 Nd4 31. Qxg6+ Bg7 32. Re8+ Rxe8 33. Qxe8+ Kh7 34. Qxh5+ 1-0